| Tag |
First Indicator |
Second Indicator |
Subfields |
| LEADER |
00000cam a2200000Ki 4500 |
| 001 |
in00003519621 |
| 006 |
m o d |
| 007 |
cr cnu---unuuu |
| 008 |
141209s2014 nyu ob 001 0 eng d |
| 005 |
20250816203816.1 |
| 020 |
|
|
|a 9780801454691
|q electronic bk.
|
| 020 |
|
|
|a 0801454697
|q electronic bk.
|
| 020 |
|
|
|z 9780801453366
|
| 020 |
|
|
|z 0801453364
|
| 035 |
|
|
|a (NhCcYBP)ebr10993838
|
| 040 |
|
|
|a NhCcYBP
|c NhCcYBP
|d UtOrBLW
|
| 043 |
|
|
|a a-ku---
|a a-ts---
|
| 050 |
|
4 |
|a JQ1848.A91
|b H47 2014
|
| 072 |
|
7 |
|a BUS
|x 069000
|2 bisacsh
|
| 072 |
|
7 |
|a BUS
|x 055000
|2 bisacsh
|
| 082 |
0 |
4 |
|a 330.95357
|2 23
|
| 100 |
1 |
|
|a Herb, Michael,
|d 1966-
|e author.
|
| 245 |
1 |
4 |
|a The wages of oil :
|b Parliaments and economic development in Kuwait and the UAE /
|c Michael Herb.
|
| 264 |
|
1 |
|a Ithaca :
|b Cornell University Press,
|c 2014.
|
| 300 |
|
|
|a 1 online resource.
|
| 336 |
|
|
|a text
|b txt
|2 rdacontent
|
| 337 |
|
|
|a computer
|b c
|2 rdamedia
|
| 338 |
|
|
|a online resource
|b cr
|2 rdacarrier
|
| 504 |
|
|
|a Includes bibliographical references and index.
|
| 505 |
0 |
|
|a Labor markets and class politics -- Participation -- Explaining Kuwaiti exceptionalism -- The consequences of absolutism -- The consequences of participation -- What resource curse? -- Conclusion : dilemmas of development and democracy in the Gulf.
|
| 588 |
0 |
|
|a Print version record.
|
| 500 |
|
|
|a Electronic resource.
|
| 650 |
|
0 |
|a Democratization
|z Kuwait.
|
| 650 |
|
0 |
|a Democratization
|z United Arab Emirates.
|
| 651 |
|
0 |
|a Kuwait
|x Politics and government.
|
| 651 |
|
0 |
|a United Arab Emirates
|x Politics and government.
|
| 650 |
|
0 |
|a Petroleum industry and trade
|x Political aspects
|z Kuwait.
|
| 650 |
|
0 |
|a Petroleum industry and trade
|x Political aspects
|z United Arab Emirates.
|
| 650 |
|
0 |
|a Economic development
|x Political aspects
|z Kuwait.
|
| 650 |
|
0 |
|a Economic development
|x Political aspects
|z United Arab Emirates.
|
| 655 |
|
7 |
|a Electronic books.
|2 local
|
| 710 |
2 |
|
|a ebrary, Inc.
|
| 776 |
1 |
8 |
|i Print version:
|a Herb, Michael, 1966- author.
|t Wages of oil
|z 9780801453366
|w (DLC) 2014022400
|
| 856 |
4 |
1 |
|u https://ebookcentral.proquest.com/lib/tamucs/detail.action?docID=3138682
|y Connect to the full text of this electronic book
|t 0
|
| 955 |
|
|
|a YBP purchased approval e-records
|
| 980 |
|
|
|b 35.00
|g 1
|
| 999 |
f |
f |
|s c53daabc-9371-3cee-9abf-441261c67806
|i 6eda676c-ed0e-3332-b7fd-f96c500e5d50
|t 0
|
| 999 |
|
|
|a MARS
|
| 952 |
f |
f |
|a Texas A&M University
|b College Station
|c Electronic Resources
|d Available Online
|t 0
|e JQ1848.A91 H47 2014
|h Library of Congress classification
|
| 998 |
f |
f |
|a JQ1848.A91 H47 2014
|t 0
|l Available Online
|